00553cam a2200169 4500001001100000008004100011035001500052050002600067100003300093245010400126260004400230300002100274440001200295500001200307650003500319700002900354BFIL007011 1944 spa  aBFIL007011 4aPQ2207b.C4 CH47 19441 aCherbuliez, Victor 1829-1899 3aEl Conde Kostia = Le Comte Kostia /cVictor Cherbuliez ; tr. dir. del frances de Fausto Orts Ramos. aBuenos Aires :bSopena Argentina,c1944 a191 p. ;c20 cm. 0aMinerva a1 ejem. 4aLiteratura FrancesaxSiglo XIX1 aOrts Ramos, Fausto,etr.